Optimálne programovanie

Gespeichert in:
Bibliographische Detailangaben
1. Verfasser: Laščiak, Adam
Weitere Verfasser: Sojka, Jozef, Šimkovic, Ján, Maňas, Miroslav, Hozlár, Eduard, Unčovský, Ladislav, Chobot, Michal, Hušek, Roman, Ulašin, Vladimír
Format: Buch
Sprache:Slowakisch
Veröffentlicht: Bratislava Alfa 1983
Schriftenreihe:Edícia ekonomickej literatúry
Schlagworte:
Tags: Tag hinzufügen
Keine Tags, Fügen Sie das erste Tag hinzu!

MARC

LEADER 00000nam a2200000 4500
001 c117221
005 20230116104701.7
041 0 |a slo 
044 |a SK 
245 1 0 |a Optimálne programovanie  |c Adam Laščiak a kol. 
264 1 |a Bratislava  |b Alfa  |c 1983 
300 |a 597 s. 
490 1 |a Edícia ekonomickej literatúry 
830 0 |a Edícia ekonomickej literatúry 
610 2 0 |a programovanie optimálne 
610 2 0 |a modely 
610 2 0 |a programovanie matematické 
610 2 0 |a programovanie dynamické 
610 2 0 |a programovanie lineárne 
610 2 0 |a analýzy 
100 1 |a Laščiak, Adam 
700 1 |a Sojka, Jozef 
700 1 |a Šimkovic, Ján 
700 1 |a Maňas, Miroslav 
700 1 |a Hozlár, Eduard 
700 1 |a Unčovský, Ladislav 
700 1 |a Chobot, Michal 
700 1 |a Hušek, Roman 
700 1 |a Ulašin, Vladimír